| 000 | 01150nam a22002177a 4500 | ||
|---|---|---|---|
| 999 |
_c62902 _d62902 |
||
| 003 | Ge_BSU | ||
| 005 | 20250320131213.0 | ||
| 008 | 250318s2006 ge ||||| |||| 00| 0 geo d | ||
| 020 | _a9994052284 | ||
| 041 | _ageo | ||
| 080 | _a61 : 574(075.8) : 614.7 ჟ-85 | ||
| 100 |
_aჟორჟოლიანი, ცირა _94979 |
||
| 245 |
_aსამედიცინო ეკოლოგია : _b[სახელმძღვ. სტუდ.] / _cცირა ჟორჟოლიანი, ემზარი გორდაძე ; [რედ. : ელიკო აბზიანიძე] ; აკაკი წერეთლის სახ. უნ-ტი. |
||
| 264 |
_aქუთაისი : _bქუთაისის უნ-ტის გამ-ბა, _c2006. |
||
| 300 |
_a372 გვ. : _bსქემ. ; _c20 სმ. |
||
| 504 | _a ბიბლიოგრ.: გვ. 365-367. | ||
| 520 | _aრეზ. ინგლ. და რუს. ენ. | ||
| 653 | _aსამედიცინო ეკოლოგია | ||
| 700 |
_aგორდაძე, ემზარი _eავტორი _924599 |
||
| 942 |
_2udc _cᲬᲘᲒᲜᲘ |
||